| 000 | 00448nam a2200169Ia 4500 | ||
|---|---|---|---|
| 003 | GCL | ||
| 008 | 140319s9999 xx 000 0 eng d | ||
| 040 |
_aGCL / _cGCL |
||
| 082 | 0 | 4 |
_aCC _b320.962 _bA S |
| 100 | 1 | _aAYUBI, N. NAZIH | |
| 245 | 1 | 0 |
_aTHE STATE AND PUBLIC POLICIES IN EGYPT SINCE SADAT / _cAYUBI, N. NAZIH |
| 260 |
_a[S.N] : _bITHACA PRESS ، _c1991 |
||
| 300 | _a352 P | ||
| 650 | 0 | 4 | _aEGYPT |
| 650 | 0 | 4 | _aSTATE, THE |
| 942 |
_2ddc _cBK |
||
| 999 |
_c13949 _d13949 |
||